GODS and ancestors: mythic tales of Nigeria

Guardat en:
Dades bibliogràfiques
Format: Llibre
Idioma:anglès
Publicat: klamidas Communication 2018
Etiquetes: Afegir etiqueta
Sense etiquetes, Sigues el primer a etiquetar aquest registre!

MARC

LEADER 00000nam a22000007a 4500
008 210408b ||||| |||| 00| 0 eng d
020 |a 978-978-52655-0-7 
245 |a GODS and ancestors:   |b mythic tales of Nigeria  |c Usman Bukar  |e (Treasury of Nigeria tales (TNT 004).  |g 221p.  
250 |c Usman Bukar 
260 |b klamidas Communication   |c 2018  |h Abuja:   |i 695870   |i 695871   |l DT469 .G54  |m Africa (Nigerian people) – Social life and customs.  |m Africa (Nigerian people) – Religion.  |m Ethnology. 
500 |a “It includes index”. 
942 |a lcc  |c BK  |e Adeniran F. A  |f 08/04/2021 
952 |0 0  |1 0  |2 lcc  |4 0  |6 DT0469 G54  |7 0  |9 2074  |a HOL  |b AC  |c AF  |d 2021-04-08  |l 0  |o DT469 .G54  |p 2021-5931  |r 2021-04-08 00:00:00  |w 2021-04-08  |y BK 
952 |0 0  |1 0  |2 lcc  |4 0  |6 DT0469 G54  |7 0  |9 2075  |a HOL  |b HOL  |c AF  |d 2021-04-08  |l 0  |o DT469 .G54  |p 2021-5932  |r 2021-04-08 00:00:00  |w 2021-04-08  |y BK 
999 |c 1079  |d 1079